000 00430nam a2200181Ia 4500
001 9729
005 20260306161739.0
008 260306t1995||||xx |||||||||||||| ||spa||
041 _aESP
082 _a410
_bD36 1987
100 _aSaussure, Ferdinand de
_eAUT
245 0 _aCurso de lingüística general
260 _c1995
300 _a283 páginas :
_c18 cm.
650 _aGEN
654 _aCED
942 _cLIB
_dJUS
_fJUS
_2ddc
_n
999 _c9729
_d9729